000
00306nam a22001457a 4500
008
210507b ||||| |||| 00| 0 eng d
020
_a
9781555217570
041
_a
eng
080
_a
521
082
_a
521
100
_a
7
101
_a
ZOO
245
_a
Great Cattales
_c
Lesley O'Mara
942
_2
udc
_c
BK
999
_c
57112
_d
57112